000 00808 a2200265 4500
005 20260409112310.0
008 260409b |||||||| |||| 00| 0 eng d
020 _a978-1-041-28244-0 (hbk)
037 _cTB
040 _aCRL
_cCRL
041 _2eng
_aeng
084 _aY15.2 R6
_qCRL
245 _aWomen in India: exploring work, life, and freedom
260 _aLondon:
_bRoutledge,
_c2026.
300 _a231p.
365 _b1295.00
_cINR
650 _aSociology
650 _aWomen
700 _aPradhan, Jalandhar
_eEd.
_91234447
700 _aRoy, Ipsita
_eEd.
_91234448
700 _aDutta, Debanjali
_eEd.
_91234449
700 _aMohanty, Seemita
_eEd.
_91115625
942 _cTB
_2CC
_hY15.2 R6
999 _c1679560
_d1679560